Pays avec la lettre A - Statistiques

Statistiques générales
  • Ce quiz a été pris 1 237 fois
    1 128 depuis la dernière actualisation
  • Le résultat moyen est 92 sur 137
Statistiques - réponses
Réponses % Correct
Algérie
92%
Albanie
90%
Allemagne
90%
Argentine
89%
Afrique du sud
88%
Australie
88%
Afghanistan
86%
Autriche
85%
France
85%
Andorre
84%
Espagne
84%
Etats-Unis
84%
Arménie
83%
Canada
82%
Arabie saoudite
81%
Japon
81%
Angola
80%
Finlande
80%
Islande
80%
Maroc
80%
Azerbaïdjan
79%
Irlande
79%
Royaume-Uni
79%
Danemark
78%
Portugal
78%
Irak
75%
Iran
75%
Italie
75%
Paraguay
75%
Vatican
75%
Pakistan
74%
Pays-Bas
73%
Uruguay
73%
Vénézuela
73%
Zambie
72%
Croatie
71%
Cuba
71%
Madagascar
71%
Saint-Marin
71%
Slovaquie
71%
Thaïlande
71%
Jamaïque
70%
Kazakhstan
70%
Mali
70%
Monaco
70%
Ouzbékistan
70%
Panama
70%
Soudan
70%
Zimbabwe
70%
Cameroun
69%
Israël
69%
Kenya
69%
Laos
69%
Mauritanie
69%
Qatar
69%
Roumanie
69%
Turkménistan
69%
Bulgarie
68%
Emirats Arabes Unis
68%
Lituanie
68%
Ukraine
68%
Vietnam
68%
Antigua et Barbuda
67%
Cambodge
67%
Equateur
67%
Honduras
67%
Liban
67%
Malaisie
67%
Nouvelle-Zélande
67%
Costa Rica
66%
Ghana
66%
Haïti
66%
Malte
66%
Népal
66%
Guatemala
65%
Guinée équatoriale
65%
Guyana
65%
Jordanie
65%
Nicaragua
65%
Rwanda
65%
Sénégal
65%
Soudan du sud
65%
Guinée-Bissau
64%
Macédoine du nord
64%
Oman
64%
Somalie
64%
Tanzanie
64%
Bahamas
63%
Cap vert
63%
Mozambique
63%
Nigéria
63%
Sainte-Lucie
63%
Tadjikistan
63%
Barbade
62%
Namibie
62%
Suriname
62%
Bahreïn
61%
Bangladesh
61%
Bhoutan
61%
Gabon
61%
Gambie
61%
Maurice
61%
République Démocratique du Congo
61%
République Dominicaine
61%
Moldavie
60%
Ouganda
60%
Saint-Vincent-et-les-Grenadines
60%
Taïwan
60%
Birmanie
59%
Iles Marshall
59%
Kirghizistan
59%
Papouasie-Nouvelle-Guinée
59%
République Centrafricaine
59%
Saint-Christophe-et-Niévès
59%
Botswana
58%
Eswatini
58%
Libéria
58%
Maldives
58%
Sri Lanka
58%
Tonga
58%
Salvador
57%
Tchad
57%
Grenade
56%
Palaos
56%
Vanuatu
56%
Burkina Faso
55%
Samoa
55%
Malawi
54%
Singapour
54%
Sao Tome-et-Principe
53%
Tuvalu
52%
Sierra Leone
51%
Iles Salomon
50%
Nauru
50%
Trinité-et-Tobago
46%
Timor Oriental
43%
Kiribati
41%
Aucun quiz correspondant
Distribution des résultats
% des personnes avec chaque résultat
Percentile par nombre de réponses
Votre historique - résultats
Vous n’avez pas pris ce quiz depuis la dernière actualisation